[Event "DEM U14 2020"]
[Site "Willingen GER"]
[Date "2020.10.20"]
[Round "1"]
[White "Tovmasyan, Minas"]
[Black "Bui, Bao Anh Le"]
[Result "0-1"]
[Termination "normal"]
[Board "10"]
[WhiteElo "1658"]
[BlackElo "2149"]
[WhiteClock "00:00:38"]
[BlackClock "00:05:36"]
[PlyCount "52"]
[WhiteFideId "16247620"]
[BlackFideId "12970719"]
[EventCountry "GER"]
[EventRounds "7"]
[EventType "swiss"]
[EventDate "2020.10.19"]

1. d4 {[%clk 1:30:55]} d5 {[%clk 1:30:30]} 2. c4 {[%clk 1:31:16]} e6 {[%clk
1:30:53]} 3. Nf3 {[%clk 1:31:34]} c6 {[%clk 1:31:01]} 4. Qc2 {[%clk 1:31:33]}
Nf6 {[%clk 1:31:18]} 5. Nbd2 {[%clk 1:31:45]} Nbd7 {[%clk 1:31:09]} 6. g3
{[%clk 1:31:57]} Be7 {[%clk 1:30:10]} 7. Bg2 {[%clk 1:32:07]} O-O {[%clk
1:30:16]} 8. O-O {[%clk 1:32:28]} b6 {[%clk 1:30:13]} 9. e4 {[%clk 1:28:30]}
dxe4 {[%clk 1:15:52]} 10. Nxe4 {[%clk 1:28:52]} Bb7 {[%clk 1:12:27]} 11. Ne5
{[%clk 1:05:36]} Qc8 {[%clk 1:08:42]} 12. b3 {[%clk 0:55:46]} c5 {[%clk
0:49:39]} 13. Nxd7 {[%clk 0:46:34]} Nxd7 {[%clk 0:42:50]} 14. Be3 {[%clk
0:36:25]} f5 {[%clk 0:37:44]} 15. Nc3 {[%clk 0:31:40]} Bxg2 {[%clk 0:32:32]}
16. Kxg2 {[%clk 0:32:03]} f4 {[%clk 0:19:52]} 17. Bxf4 {[%clk 0:25:05]} cxd4
{[%clk 0:13:13]} 18. Ne4 {[%clk 0:18:01]} Qc6 {[%clk 0:11:04]} 19. f3 {[%clk
0:14:29]} Rf5 {[%clk 0:08:15]} 20. Qd2 {[%clk 0:11:57]} Raf8 {[%clk 0:06:06]}
21. Qd3 {[%clk 0:05:30]} g5 {[%clk 0:05:02]} 22. Bxg5 {[%clk 0:01:04]} Bxg5
{[%clk 0:05:25]} 23. g4 {[%clk 0:01:12]} Ne5 {[%clk 0:04:50]} 24. Qe2 {[%clk
0:00:34]} d3 {[%clk 0:04:53]} 25. Qd1 {[%clk 0:00:31]} Rxf3 {[%clk 0:05:11]}
26. Rxf3 {[%clk 0:00:38]} Qxe4 {[%clk 0:05:36]} 0-1

[Event "DEM U14 2020"]
[Site "Willingen GER"]
[Date "2020.10.20"]
[Round "1"]
[White "Foerster-Yialamas, Lucas"]
[Black "Ehrig, Leon Chris"]
[Result "1-0"]
[Termination "normal"]
[Board "11"]
[WhiteTitle "CM"]
[WhiteElo "2033"]
[BlackElo "1718"]
[WhiteClock "00:33:19"]
[BlackClock "00:01:34"]
[PlyCount "211"]
[WhiteFideId "30901774"]
[BlackFideId "16244796"]
[EventCountry "GER"]
[EventRounds "7"]
[EventType "swiss"]
[EventDate "2020.10.19"]

1. e4 {[%clk 1:30:58]} c6 {[%clk 1:30:42]} 2. d4 {[%clk 1:31:26]} d5 {[%clk
1:31:05]} 3. e5 {[%clk 1:31:48]} c5 {[%clk 1:31:32]} 4. dxc5 {[%clk 1:32:07]}
e6 {[%clk 1:31:56]} 5. Nf3 {[%clk 1:29:20]} Bxc5 {[%clk 1:31:48]} 6. c4 {[%clk
1:29:28]} Ne7 {[%clk 1:30:04]} 7. Nc3 {[%clk 1:29:15]} O-O {[%clk 1:28:35]} 8.
Bd3 {[%clk 1:27:09]} h6 {[%clk 1:27:02]} 9. O-O {[%clk 1:26:45]} a6 {[%clk
1:24:30]} 10. Qe2 {[%clk 1:26:24]} dxc4 {[%clk 1:22:39]} 11. Bxc4 {[%clk
1:26:50]} b5 {[%clk 1:21:51]} 12. Bd3 {[%clk 1:26:40]} Bb7 {[%clk 1:19:36]} 13.
Ne4 {[%clk 1:26:39]} Nd7 {[%clk 1:17:29]} 14. Rd1 {[%clk 1:25:36]} Nd5 {[%clk
1:16:11]} 15. Bb1 {[%clk 1:22:12]} Qe7 {[%clk 0:59:50]} 16. Qc2 {[%clk
1:18:19]} f5 {[%clk 0:49:52]} 17. exf6 {[%clk 1:17:20]} N5xf6 {[%clk 0:48:06]}
18. Rxd7 {[%clk 1:06:45]} Bxe4 {[%clk 0:47:52]} 19. Rxe7 {[%clk 1:07:13]} Bxc2
{[%clk 0:45:27]} 20. Rxe6 {[%clk 1:06:07]} Bxb1 {[%clk 0:44:56]} 21. Rxb1
{[%clk 1:06:34]} Rfe8 {[%clk 0:42:30]} 22. Rc6 {[%clk 1:02:39]} Ne4 {[%clk
0:37:47]} 23. Be3 {[%clk 1:02:03]} Bxe3 {[%clk 0:37:36]} 24. fxe3 {[%clk
1:02:32]} Rad8 {[%clk 0:37:49]} 25. Rxa6 {[%clk 0:58:21]} Nd2 {[%clk 0:37:47]}
26. Nxd2 {[%clk 0:52:08]} Rxd2 {[%clk 0:37:58]} 27. Ra3 {[%clk 0:51:23]} Rc8
{[%clk 0:34:34]} 28. Rc3 {[%clk 0:50:19]} Rf8 {[%clk 0:34:34]} 29. Rf1 {[%clk
0:48:59]} Ra8 {[%clk 0:31:48]} 30. a3 {[%clk 0:48:14]} Rxb2 {[%clk 0:31:51]}
31. Rf4 {[%clk 0:46:11]} Ra2 {[%clk 0:25:08]} 32. Rc7 {[%clk 0:44:55]} R2xa3
{[%clk 0:23:46]} 33. Rg4 {[%clk 0:43:51]} Ra1+ {[%clk 0:22:19]} 34. Kf2 {[%clk
0:44:10]} Rf8+ {[%clk 0:22:42]} 35. Kg3 {[%clk 0:43:08]} Rf7 {[%clk 0:22:55]}
36. Rc5 {[%clk 0:37:01]} Ra3 {[%clk 0:21:12]} 37. Re5 {[%clk 0:36:28]} Rb7
{[%clk 0:21:01]} 38. Rb4 {[%clk 0:36:41]} Kf7 {[%clk 0:17:51]} 39. Kf3 {[%clk
0:36:55]} Ra5 {[%clk 0:16:26]} 40. h4 {[%clk 0:34:47]} Ra4 {[%clk 0:15:15]} 41.
Rxa4 {[%clk 0:34:28]} bxa4 {[%clk 0:15:34]} 42. Ra5 {[%clk 0:34:47]} Rb4 {[%clk
0:15:17]} 43. e4 {[%clk 0:35:09]} Kf6 {[%clk 0:11:56]} 44. h5 {[%clk 0:35:06]}
Rb3+ {[%clk 0:08:09]} 45. Kf4 {[%clk 0:35:21]} a3 {[%clk 0:06:03]} 46. Ra6+
{[%clk 0:35:25]} Ke7 {[%clk 0:04:47]} 47. g4 {[%clk 0:30:44]} Kf7 {[%clk
0:29:16]} 48. Kf5 {[%clk 1:00:27]} Rf3+ {[%clk 0:24:57]} 49. Ke5 {[%clk
1:00:55]} Rb3 {[%clk 0:23:18]} 50. Ra7+ {[%clk 1:01:16]} Ke8 {[%clk 0:18:45]}
51. Kf4 {[%clk 1:00:24]} Kf8 {[%clk 0:16:05]} 52. e5 {[%clk 1:00:43]} Rc3
{[%clk 0:13:07]} 53. Kf5 {[%clk 1:00:28]} Rb3 {[%clk 0:12:18]} 54. Ke4 {[%clk
0:52:48]} Rb4+ {[%clk 0:11:13]} 55. Kf3 {[%clk 0:52:55]} Rb3+ {[%clk 0:11:23]}
56. Kf4 {[%clk 0:53:24]} Rb4+ {[%clk 0:11:27]} 57. Kf5 {[%clk 0:52:56]} Rb3
{[%clk 0:11:30]} 58. e6 {[%clk 0:46:11]} Rb5+ {[%clk 0:11:38]} 59. Kf4 {[%clk
0:45:37]} Rb4+ {[%clk 0:06:22]} 60. Ke5 {[%clk 0:43:59]} Rxg4 {[%clk 0:06:24]}
61. Rxa3 {[%clk 0:43:42]} Ke7 {[%clk 0:06:19]} 62. Ra7+ {[%clk 0:44:08]} Ke8
{[%clk 0:06:13]} 63. Rb7 {[%clk 0:43:16]} Rg2 {[%clk 0:06:17]} 64. Rb4 {[%clk
0:40:36]} Ke7 {[%clk 0:06:23]} 65. Rb7+ {[%clk 0:40:43]} Ke8 {[%clk 0:06:46]}
66. Rc7 {[%clk 0:39:59]} Rg1 {[%clk 0:07:02]} 67. Kf4 {[%clk 0:35:55]} Rf1+
{[%clk 0:06:24]} 68. Ke4 {[%clk 0:36:05]} Re1+ {[%clk 0:06:05]} 69. Kf5 {[%clk
0:36:25]} Rf1+ {[%clk 0:06:24]} 70. Kg6 {[%clk 0:35:52]} Rf6+ {[%clk 0:06:23]}
71. Kxg7 {[%clk 0:36:15]} Rxe6 {[%clk 0:06:51]} 72. Rc8+ {[%clk 0:36:27]} Ke7
{[%clk 0:07:12]} 73. Rc1 {[%clk 0:36:24]} Rd6 {[%clk 0:02:32]} 74. Re1+ {[%clk
0:36:43]} Re6 {[%clk 0:02:35]} 75. Rg1 {[%clk 0:36:58]} Rd6 {[%clk 0:02:12]}
76. Rg2 {[%clk 0:35:45]} Re6 {[%clk 0:02:20]} 77. Rg6 {[%clk 0:33:01]} Re5
{[%clk 0:02:10]} 78. Kxh6 {[%clk 0:32:57]} Kf7 {[%clk 0:02:12]} 79. Rg2 {[%clk
0:32:38]} Rf5 {[%clk 0:01:56]} 80. Rg1 {[%clk 0:32:42]} Kf6 {[%clk 0:02:08]}
81. Rg8 {[%clk 0:32:14]} Kf7 {[%clk 0:02:17]} 82. Rg6 {[%clk 0:31:54]} Rf6
{[%clk 0:02:18]} 83. Kh7 {[%clk 0:32:20]} Rf5 {[%clk 0:02:06]} 84. h6 {[%clk
0:32:37]} Re5 {[%clk 0:01:10]} 85. Rg7+ {[%clk 0:32:53]} Kf6 {[%clk 0:01:15]}
86. Rg1 {[%clk 0:32:34]} Re7+ {[%clk 0:01:26]} 87. Rg7 {[%clk 0:32:31]} Re5
{[%clk 0:01:42]} 88. Ra7 {[%clk 0:32:56]} Re8 {[%clk 0:01:50]} 89. Ra6+ {[%clk
0:33:10]} Kf7 {[%clk 0:02:13]} 90. Ra1 {[%clk 0:33:30]} Kf6 {[%clk 0:00:48]}
91. Rf1+ {[%clk 0:33:35]} Kg5 {[%clk 0:00:53]} 92. Rg1+ {[%clk 0:32:48]} Kf6
{[%clk 0:01:10]} 93. Rg6+ {[%clk 0:31:00]} Kf7 {[%clk 0:01:25]} 94. Ra6 {[%clk
0:30:37]} Re5 {[%clk 0:00:55]} 95. Ra7+ {[%clk 0:30:17]} Kf6 {[%clk 0:01:09]}
96. Rg7 {[%clk 0:30:36]} Re8 {[%clk 0:01:20]} 97. Rb7 {[%clk 0:30:41]} Re5
{[%clk 0:01:36]} 98. Rb6+ {[%clk 0:31:05]} Kf7 {[%clk 0:01:58]} 99. Ra6 {[%clk
0:31:15]} Re8 {[%clk 0:01:41]} 100. Ra2 {[%clk 0:31:28]} Re6 {[%clk 0:01:50]}
101. Rf2+ {[%clk 0:31:53]} Ke7 {[%clk 0:00:58]} 102. Kg7 {[%clk 0:32:09]} Re4
{[%clk 0:00:44]} 103. Rg2 {[%clk 0:32:32]} Rf4 {[%clk 0:00:50]} 104. h7 {[%clk
0:32:54]} Rf7+ {[%clk 0:01:16]} 105. Kh6 {[%clk 0:33:14]} Rf6+ {[%clk 0:01:34]}
106. Rg6 {[%clk 0:33:19]} 1-0

[Event "DEM U14 2020"]
[Site "Willingen GER"]
[Date "2020.10.20"]
[Round "1"]
[White "Albert, Markus"]
[Black "Ermitsch, Magnus"]
[Result "1-0"]
[Termination "normal"]
[Board "12"]
[WhiteElo "1727"]
[BlackElo "2049"]
[WhiteClock "00:01:07"]
[BlackClock "00:00:32"]
[PlyCount "81"]
[WhiteFideId "16292626"]
[BlackFideId "16234464"]
[EventCountry "GER"]
[EventRounds "7"]
[EventType "swiss"]
[EventDate "2020.10.19"]

1. e4 {[%clk 1:30:56]} c5 {[%clk 1:30:27]} 2. Nf3 {[%clk 1:31:02]} e6 {[%clk
1:30:22]} 3. d4 {[%clk 1:31:08]} cxd4 {[%clk 1:29:12]} 4. Nxd4 {[%clk 1:31:29]}
Nc6 {[%clk 1:28:29]} 5. Nc3 {[%clk 1:31:38]} Qc7 {[%clk 1:28:23]} 6. Be3 {[%clk
1:31:10]} a6 {[%clk 1:27:59]} 7. a3 {[%clk 1:31:15]} Nf6 {[%clk 1:27:01]} 8. f4
{[%clk 1:30:19]} d6 {[%clk 1:26:42]} 9. Qf3 {[%clk 1:29:02]} e5 {[%clk
1:21:06]} 10. Nxc6 {[%clk 1:17:59]} bxc6 {[%clk 1:13:38]} 11. fxe5 {[%clk
1:16:36]} dxe5 {[%clk 1:12:55]} 12. Bc4 {[%clk 1:14:57]} Be7 {[%clk 1:08:09]}
13. O-O {[%clk 1:13:27]} O-O {[%clk 1:04:48]} 14. Kh1 {[%clk 0:59:20]} Kh8
{[%clk 1:00:08]} 15. h3 {[%clk 0:48:01]} Bb7 {[%clk 0:46:31]} 16. Rae1 {[%clk
0:41:35]} Rad8 {[%clk 0:40:07]} 17. Qe2 {[%clk 0:29:45]} a5 {[%clk 0:30:25]}
18. Bg1 {[%clk 0:21:04]} c5 {[%clk 0:26:20]} 19. Rd1 {[%clk 0:16:51]} Qb8
{[%clk 0:23:34]} 20. Rxd8 {[%clk 0:13:41]} Qxd8 {[%clk 0:19:22]} 21. Rd1 {[%clk
0:12:25]} Qb6 {[%clk 0:17:32]} 22. b3 {[%clk 0:10:16]} Kg8 {[%clk 0:12:49]} 23.
Bh2 {[%clk 0:07:51]} Bd6 {[%clk 0:10:19]} 24. Nd5 {[%clk 0:06:48]} Bxd5 {[%clk
0:06:56]} 25. Bxd5 {[%clk 0:06:59]} Nxd5 {[%clk 0:05:52]} 26. Rxd5 {[%clk
0:07:19]} f6 {[%clk 0:04:02]} 27. Qc4 {[%clk 0:06:52]} Kh8 {[%clk 0:03:53]} 28.
Bg1 {[%clk 0:06:46]} f5 {[%clk 0:00:36]} 29. Bxc5 {[%clk 0:06:04]} Bxc5 {[%clk
0:00:38]} 30. Qxc5 {[%clk 0:05:45]} Qf6 {[%clk 0:00:40]} 31. Rxe5 {[%clk
0:03:26]} fxe4 {[%clk 0:01:02]} 32. Rxe4 {[%clk 0:03:10]} Qf1+ {[%clk 0:00:38]}
33. Kh2 {[%clk 0:03:11]} h6 {[%clk 0:01:00]} 34. Qxa5 {[%clk 0:02:13]} Rf2
{[%clk 0:00:32]} 35. Re8+ {[%clk 0:01:24]} Kh7 {[%clk 0:00:40]} 36. Qd5 {[%clk
0:01:33]} Rf5 {[%clk 0:00:33]} 37. Qg8+ {[%clk 0:01:20]} Kg6 {[%clk 0:00:52]}
38. Re6+ {[%clk 0:01:30]} Kh5 {[%clk 0:00:37]} 39. Qxg7 {[%clk 0:00:42]} Qf4+
{[%clk 0:00:37]} 40. Qg3 {[%clk 0:01:07]} Rg5 {[%clk 0:00:32]} 41. Rxh6+ 1-0

[Event "DEM U14 2020"]
[Site "Willingen GER"]
[Date "2020.10.20"]
[Round "1"]
[White "Ohler, Julius"]
[Black "Kort, Felix"]
[Result "0-1"]
[Termination "normal"]
[Board "13"]
[WhiteElo "2011"]
[BlackElo "1823"]
[WhiteClock "00:01:51"]
[BlackClock "00:02:22"]
[PlyCount "64"]
[WhiteFideId "16238982"]
[BlackFideId "16220129"]
[EventCountry "GER"]
[EventRounds "7"]
[EventType "swiss"]
[EventDate "2020.10.19"]

1. d4 {[%clk 1:30:57]} f5 {[%clk 1:30:54]} 2. c4 {[%clk 1:31:18]} Nf6 {[%clk
1:31:17]} 3. Nc3 {[%clk 1:31:23]} g6 {[%clk 1:31:34]} 4. g3 {[%clk 1:31:25]}
Bg7 {[%clk 1:31:47]} 5. Bg2 {[%clk 1:31:44]} O-O {[%clk 1:31:49]} 6. Nf3 {[%clk
1:31:14]} d6 {[%clk 1:31:53]} 7. O-O {[%clk 1:31:01]} c6 {[%clk 1:32:01]} 8.
Qc2 {[%clk 1:26:10]} Na6 {[%clk 1:30:45]} 9. Re1 {[%clk 1:18:54]} Qe8 {[%clk
1:11:04]} 10. e4 {[%clk 1:10:20]} e5 {[%clk 1:08:11]} 11. dxe5 {[%clk 1:00:26]}
dxe5 {[%clk 1:07:29]} 12. Bg5 {[%clk 0:41:55]} Nc5 {[%clk 1:03:41]} 13. Bxf6
{[%clk 0:35:14]} Bxf6 {[%clk 1:02:39]} 14. Rad1 {[%clk 0:34:12]} Qf7 {[%clk
0:56:30]} 15. b3 {[%clk 0:29:21]} f4 {[%clk 0:48:54]} 16. b4 {[%clk 0:24:17]}
Ne6 {[%clk 0:44:26]} 17. Qd3 {[%clk 0:14:38]} g5 {[%clk 0:36:32]} 18. h3 {[%clk
0:09:55]} h5 {[%clk 0:34:30]} 19. Nh2 {[%clk 0:09:19]} Nd4 {[%clk 0:25:23]} 20.
Ne2 {[%clk 0:08:18]} Rd8 {[%clk 0:16:35]} 21. gxf4 {[%clk 0:07:49]} exf4 {[%clk
0:12:26]} 22. Nf3 {[%clk 0:05:45]} Nxe2+ {[%clk 0:10:12]} 23. Qxe2 {[%clk
0:06:10]} Be6 {[%clk 0:09:08]} 24. Nd2 {[%clk 0:04:56]} g4 {[%clk 0:08:03]} 25.
e5 {[%clk 0:04:42]} Be7 {[%clk 0:05:57]} 26. hxg4 {[%clk 0:04:24]} hxg4 {[%clk
0:05:55]} 27. f3 {[%clk 0:04:22]} g3 {[%clk 0:05:45]} 28. a3 {[%clk 0:04:29]}
Kg7 {[%clk 0:04:59]} 29. c5 {[%clk 0:04:03]} Rh8 {[%clk 0:03:38]} 30. Nf1
{[%clk 0:03:29]} Rh7 {[%clk 0:02:55]} 31. Rd4 {[%clk 0:01:53]} Rah8 {[%clk
0:02:32]} 32. Qd2 {[%clk 0:01:51]} Rh4 {[%clk 0:02:22]} 0-1

[Event "DEM U14 2020"]
[Site "Willingen GER"]
[Date "2020.10.20"]
[Round "1"]
[White "Raasch, Hauke"]
[Black "Chassard, Cedric"]
[Result "1-0"]
[Termination "normal"]
[Board "14"]
[WhiteElo "1676"]
[BlackElo "1916"]
[WhiteClock "00:03:45"]
[BlackClock "00:13:34"]
[PlyCount "131"]
[WhiteFideId "16210034"]
[BlackFideId "16243536"]
[EventCountry "GER"]
[EventRounds "7"]
[EventType "swiss"]
[EventDate "2020.10.19"]

1. d4 {[%clk 1:30:42]} Nf6 {[%clk 1:30:58]} 2. Bg5 {[%clk 1:30:58]} d5 {[%clk
1:31:21]} 3. Bxf6 {[%clk 1:31:21]} gxf6 {[%clk 1:31:49]} 4. e3 {[%clk 1:31:42]}
c5 {[%clk 1:32:14]} 5. c3 {[%clk 1:31:40]} Nc6 {[%clk 1:25:03]} 6. g3 {[%clk
1:27:28]} e6 {[%clk 1:15:43]} 7. Bg2 {[%clk 1:25:11]} f5 {[%clk 1:13:48]} 8.
Ne2 {[%clk 1:24:53]} Qb6 {[%clk 1:06:06]} 9. Qb3 {[%clk 1:22:47]} Bd7 {[%clk
1:04:25]} 10. Nd2 {[%clk 1:19:28]} Na5 {[%clk 0:55:50]} 11. Qxb6 {[%clk
1:18:18]} axb6 {[%clk 0:56:19]} 12. O-O {[%clk 1:13:14]} c4 {[%clk 0:52:55]}
13. Nf4 {[%clk 0:50:19]} b5 {[%clk 0:51:23]} 14. a3 {[%clk 0:48:36]} Bd6 {[%clk
0:50:55]} 15. Nh5 {[%clk 0:34:52]} Ke7 {[%clk 0:47:34]} 16. f3 {[%clk 0:32:24]}
Rhg8 {[%clk 0:46:52]} 17. e4 {[%clk 0:23:46]} Rg5 {[%clk 0:46:19]} 18. Nf4
{[%clk 0:22:54]} Bxf4 {[%clk 0:46:47]} 19. gxf4 {[%clk 0:23:14]} Rg6 {[%clk
0:44:44]} 20. Kf2 {[%clk 0:21:33]} Nc6 {[%clk 0:43:54]} 21. e5 {[%clk 0:20:48]}
Rag8 {[%clk 0:42:34]} 22. Rg1 {[%clk 0:20:12]} Rh6 {[%clk 0:42:05]} 23. h3
{[%clk 0:16:24]} Rhg6 {[%clk 0:40:18]} 24. Bh1 {[%clk 0:16:22]} Kd8 {[%clk
0:37:53]} 25. h4 {[%clk 0:15:56]} Ne7 {[%clk 0:37:10]} 26. h5 {[%clk 0:05:48]}
R6g7 {[%clk 0:25:55]} 27. Rxg7 {[%clk 0:06:04]} Rxg7 {[%clk 0:26:25]} 28. Rg1
{[%clk 0:06:23]} Rxg1 {[%clk 0:26:29]} 29. Kxg1 {[%clk 0:06:48]} Nc8 {[%clk
0:26:20]} 30. Nf1 {[%clk 0:04:52]} Nb6 {[%clk 0:23:29]} 31. Ne3 {[%clk
0:05:13]} b4 {[%clk 0:20:56]} 32. axb4 {[%clk 0:00:38]} Ba4 {[%clk 0:20:25]}
33. Kf2 {[%clk 0:00:47]} Bb3 {[%clk 0:20:37]} 34. Ke2 {[%clk 0:01:09]} Na4
{[%clk 0:20:56]} 35. Nd1 {[%clk 0:01:09]} Bxd1+ {[%clk 0:21:23]} 36. Kxd1
{[%clk 0:01:33]} Nxb2+ {[%clk 0:21:49]} 37. Kd2 {[%clk 0:01:50]} Na4 {[%clk
0:22:17]} 38. Bg2 {[%clk 0:02:00]} Ke7 {[%clk 0:21:58]} 39. Bf1 {[%clk
0:01:43]} Kf8 {[%clk 0:22:01]} 40. h6 {[%clk 0:01:35]} f6 {[%clk 0:22:04]} 41.
Be2 {[%clk 0:01:16]} Kf7 {[%clk 0:21:42]} 42. Bd1 {[%clk 0:26:22]} Nb6 {[%clk
0:51:31]} 43. Ke2 {[%clk 0:26:07]} Kg6 {[%clk 0:51:56]} 44. Kf2 {[%clk
0:25:36]} Kxh6 {[%clk 0:52:23]} 45. Kg3 {[%clk 0:25:45]} Kh5 {[%clk 0:43:07]}
46. Bc2 {[%clk 0:22:01]} h6 {[%clk 0:40:34]} 47. Bd1 {[%clk 0:22:10]} fxe5
{[%clk 0:40:24]} 48. fxe5 {[%clk 0:22:26]} f4+ {[%clk 0:40:40]} 49. Kh3 {[%clk
0:13:52]} Kg5 {[%clk 0:40:29]} 50. Bc2 {[%clk 0:14:12]} Nd7 {[%clk 0:35:25]}
51. Ba4 {[%clk 0:10:54]} Nf8 {[%clk 0:35:23]} 52. Be8 {[%clk 0:07:50]} Nh7
{[%clk 0:32:11]} 53. b5 {[%clk 0:07:16]} b6 {[%clk 0:32:07]} 54. Bf7 {[%clk
0:05:45]} Kf5 {[%clk 0:31:51]} 55. Kh4 {[%clk 0:05:50]} Ng5 {[%clk 0:22:08]}
56. Bh5 {[%clk 0:05:46]} Ne4 {[%clk 0:15:33]} 57. Bg4+ {[%clk 0:04:47]} Kg6
{[%clk 0:15:57]} 58. fxe4 {[%clk 0:04:52]} dxe4 {[%clk 0:16:04]} 59. Bxe6
{[%clk 0:04:27]} h5 {[%clk 0:15:25]} 60. Bxc4 {[%clk 0:04:06]} f3 {[%clk
0:15:40]} 61. Kg3 {[%clk 0:04:16]} h4+ {[%clk 0:15:59]} 62. Kxh4 {[%clk
0:03:05]} Kf5 {[%clk 0:14:49]} 63. Kg3 {[%clk 0:02:48]} f2 {[%clk 0:12:44]} 64.
Kxf2 {[%clk 0:03:11]} Kf4 {[%clk 0:13:10]} 65. e6 {[%clk 0:03:22]} e3+ {[%clk
0:13:34]} 66. Ke2 {[%clk 0:03:45]} 1-0

[Event "DEM U14 2020"]
[Site "Willingen GER"]
[Date "2020.10.20"]
[Round "1"]
[White "Pikalow, Michael"]
[Black "Wiedersich, Hendryk"]
[Result "1-0"]
[Termination "normal"]
[Board "15"]
[WhiteElo "2021"]
[BlackElo "1570"]
[WhiteClock "00:28:07"]
[BlackClock "00:11:59"]
[PlyCount "65"]
[WhiteFideId "16227638"]
[BlackFideId "16255399"]
[EventCountry "GER"]
[EventRounds "7"]
[EventType "swiss"]
[EventDate "2020.10.19"]

1. e4 {[%clk 1:30:58]} c5 {[%clk 1:30:49]} 2. Nc3 {[%clk 1:31:23]} Nc6 {[%clk
1:31:08]} 3. Nf3 {[%clk 1:31:47]} g6 {[%clk 1:31:01]} 4. d4 {[%clk 1:32:10]}
cxd4 {[%clk 1:31:22]} 5. Nxd4 {[%clk 1:32:37]} Bg7 {[%clk 1:30:58]} 6. Be3
{[%clk 1:33:01]} a6 {[%clk 1:31:09]} 7. Qd2 {[%clk 1:31:50]} e6 {[%clk
1:29:51]} 8. O-O-O {[%clk 1:30:55]} Nge7 {[%clk 1:29:22]} 9. Nxc6 {[%clk
1:23:34]} Nxc6 {[%clk 1:25:49]} 10. Bh6 {[%clk 1:18:26]} O-O {[%clk 1:22:46]}
11. h4 {[%clk 1:17:50]} b5 {[%clk 1:21:36]} 12. h5 {[%clk 1:10:48]} Bxh6 {[%clk
1:00:46]} 13. Qxh6 {[%clk 1:11:10]} Qf6 {[%clk 1:00:51]} 14. Rd3 {[%clk
1:05:18]} Qg7 {[%clk 0:56:46]} 15. Qd2 {[%clk 1:02:10]} Ne7 {[%clk 0:47:37]}
16. Rdh3 {[%clk 0:57:31]} g5 {[%clk 0:44:02]} 17. h6 {[%clk 0:57:17]} Qe5
{[%clk 0:41:04]} 18. Rg3 {[%clk 0:54:20]} f6 {[%clk 0:36:50]} 19. f4 {[%clk
0:54:04]} Qc7 {[%clk 0:36:01]} 20. Rg4 {[%clk 0:46:07]} Ng6 {[%clk 0:29:39]}
21. fxg5 {[%clk 0:44:17]} f5 {[%clk 0:29:24]} 22. exf5 {[%clk 0:43:32]} exf5
{[%clk 0:29:18]} 23. Rd4 {[%clk 0:41:02]} Rf7 {[%clk 0:25:45]} 24. Nd5 {[%clk
0:38:03]} Qc6 {[%clk 0:23:19]} 25. Rh3 {[%clk 0:36:45]} Rb8 {[%clk 0:18:45]}
26. Rc3 {[%clk 0:34:31]} Qb7 {[%clk 0:18:23]} 27. Re3 {[%clk 0:32:15]} d6
{[%clk 0:16:28]} 28. Nf6+ {[%clk 0:29:16]} Kh8 {[%clk 0:15:39]} 29. Rxd6 {[%clk
0:28:59]} Qc7 30. Rd8+ {[%clk 0:28:48]} Rf8 {[%clk 0:11:35]} 31. Ree8 {[%clk
0:28:39]} Qf7 {[%clk 0:11:42]} 32. Rxf8+ {[%clk 0:27:52]} Nxf8 {[%clk 0:11:59]}
33. Qd6 {[%clk 0:28:07]} 1-0

[Event "DEM U14 2020"]
[Site "Willingen GER"]
[Date "2020.10.20"]
[Round "1"]
[White "Bungarten, Jona"]
[Black "Meuer, David"]
[Result "1-0"]
[Termination "normal"]
[Board "17"]
[WhiteElo "1834"]
[BlackElo "1632"]
[WhiteClock "00:36:18"]
[BlackClock "00:05:43"]
[PlyCount "57"]
[WhiteFideId "16223608"]
[BlackFideId "16262964"]
[EventCountry "GER"]
[EventRounds "7"]
[EventType "swiss"]
[EventDate "2020.10.19"]

1. e4 {[%clk 1:30:59]} e6 {[%clk 1:30:54]} 2. d4 {[%clk 1:31:19]} d5 {[%clk
1:31:17]} 3. Nd2 {[%clk 1:31:44]} c5 {[%clk 1:31:41]} 4. exd5 {[%clk 1:32:09]}
Qxd5 {[%clk 1:32:02]} 5. Ngf3 {[%clk 1:31:56]} cxd4 {[%clk 1:29:17]} 6. Bc4
{[%clk 1:32:18]} Qd6 {[%clk 1:29:36]} 7. O-O {[%clk 1:31:49]} Nf6 {[%clk
1:29:44]} 8. Nb3 {[%clk 1:31:50]} Nc6 {[%clk 1:26:52]} 9. Nbxd4 {[%clk
1:30:18]} Nxd4 {[%clk 1:27:13]} 10. Nxd4 {[%clk 1:30:24]} a6 {[%clk 1:27:30]}
11. c3 {[%clk 1:28:34]} Qc7 {[%clk 1:24:55]} 12. Bb3 {[%clk 1:25:14]} Bd6
{[%clk 1:23:19]} 13. h3 {[%clk 1:23:59]} O-O {[%clk 1:19:38]} 14. Qf3 {[%clk
1:23:29]} b6 {[%clk 1:12:19]} 15. Bg5 {[%clk 1:18:34]} Bb7 {[%clk 1:11:27]} 16.
Qe2 {[%clk 1:15:59]} Ne4 {[%clk 0:52:23]} 17. Be3 {[%clk 1:12:24]} h6 {[%clk
0:42:17]} 18. Bc2 {[%clk 1:09:19]} Rfd8 {[%clk 0:40:20]} 19. Bxh6 {[%clk
0:54:32]} Nxf2 {[%clk 0:34:37]} 20. Rxf2 {[%clk 0:53:49]} gxh6 {[%clk 0:33:04]}
21. Qh5 {[%clk 0:42:47]} Bc5 {[%clk 0:19:48]} 22. Qxh6 {[%clk 0:38:50]} Bxd4
23. cxd4 {[%clk 0:37:59]} Rd7 {[%clk 0:13:32]} 24. Raf1 {[%clk 0:36:17]} f6
{[%clk 0:07:10]} 25. Rxf6 {[%clk 0:35:10]} Rg7 {[%clk 0:05:08]} 26. Bh7+ {[%clk
0:35:07]} Kh8 {[%clk 0:05:13]} 27. Rf8+ {[%clk 0:35:31]} Rxf8 {[%clk 0:05:27]}
28. Rxf8+ {[%clk 0:35:55]} Rg8 {[%clk 0:05:43]} 29. Rxg8# {[%clk 0:36:18]} 1-0